Z protokolů schůzí 11. československé vlády (2. Udržalovy) 11.12.1929-21.10.1932 : edice vybraných pasáží / připravila R. Machatková
Record details
- ISBN: 80-85475-84-7 (brož.)
- Physical Description: 185 s. ; 30 cm
- Publisher: V Praze : Státní ústřední archiv, 2002
Content descriptions
| General Note: | 200 výt. |
Search for related items by series
Available copies
- 1 of 1 copy available at Common Catalog SPOK.
Holds
- 0 current holds with 1 total copy.
Show Only Available Copies
| Location | Call Number / Copy Notes | Barcode | Shelving Location | Status | Due Date |
|---|---|---|---|---|---|
| Terezin Initiative Institute | M 3757 | 4594303757 | Knihovna ITI | Available | - |
| LDR | 01588nam a2200421 a 4500 | ||
|---|---|---|---|
| 001 | 26789 | ||
| 003 | CZ-PrJAB | ||
| 005 | 20220903064503.0 | ||
| 008 | 030218s2002 xr gr 000 0 cze | ||
| 015 | . | ‡acnb001177846 | |
| 020 | . | ‡a80-85475-84-7 (brož.) | |
| 035 | . | ‡a(CONS)1603 | |
| 035 | . | ‡a(CZ PrSKC)cpk20031177846 | |
| 035 | . | ‡a(OCoLC)52844542 | |
| 040 | . | ‡aABA001 ‡bcze | |
| 080 | . | ‡a328/329 ‡2MRF | |
| 080 | . | ‡a(437) ‡2MRF | |
| 080 | . | ‡a(093) ‡2MRF | |
| 245 | 0 | 0. | ‡aZ protokolů schůzí 11. československé vlády (2. Udržalovy) 11.12.1929-21.10.1932 : ‡bedice vybraných pasáží / ‡cpřipravila R. Machatková |
| 260 | . | ‡aV Praze : ‡bStátní ústřední archiv, ‡c2002 | |
| 300 | . | ‡a185 s. ; ‡c30 cm | |
| 490 | 1 | . | ‡aEdice dokumentů z fondů Státního ústředního archivu |
| 500 | . | ‡a200 výt. | |
| 700 | 1 | . | ‡aMachatková, Raisa, ‡d1932- ‡7ola2003200996 ‡4edt |
| 710 | 2 | . | ‡aStátní ústřední archiv v Praze ‡7kn20010710637 |
| 830 | 0. | ‡aEdice dokumentů (Státní ústřední archiv) | |
| 852 | 4 | . | ‡bJACH-ITI ‡bJACH-ITI ‡cKnihovna ITI ‡jM 3757 ‡pM3757 ‡y$0.00 |
| 910 | . | ‡aABE340 ‡b3757 | |
| 995 | . | ‡askok | |
| 901 | . | ‡a26789 ‡bISxN ‡c26789 ‡tbiblio | |